Oxford handbook of pain management. / (Record no. 6526)

MARC details
000 -LEADER
fixed length control field 00894nam a22001817a 4500
008 - FIXED-LENGTH DATA ELEMENTS--GENERAL INFORMATION
fixed length control field 180212b xxu||||| |||| 00| 0 eng d
020 ## - INTERNATIONAL STANDARD BOOK NUMBER
International Standard Book Number 9780199298143
050 ## - LIBRARY OF CONGRESS CALL NUMBER
Classification number RB127.O94
245 ## - TITLE STATEMENT
Title Oxford handbook of pain management. /
Statement of responsibility, etc. edited by Peter Brook, Jayne Connell and Tony Pickering
260 ## - PUBLICATION, DISTRIBUTION, ETC.
Place of publication, distribution, etc. New York:
Name of publisher, distributor, etc. Oxford University Press,
Date of publication, distribution, etc. 2011.
300 ## - PHYSICAL DESCRIPTION
Extent xviii, 366p.:
Other physical details ills.;
Dimensions 19cm
500 ## - GENERAL NOTE
General note Includes index.
505 ## - FORMATTED CONTENTS NOTE
Formatted contents note Contents: Acute pain: Basic principles of acute pain -- General pain management techniques -- Specific clinical situations -- Chronic pain: Basic principles of chronic pain -- Pharmacological therapies -- Interventional therapies -- Neuromodulation -- Surgical techniques -- Physical therapies -- Psychological therapy -- Specific clinical situations.
700 ## - ADDED ENTRY--PERSONAL NAME
Personal name BROOK, Peter
700 ## - ADDED ENTRY--PERSONAL NAME
Personal name CONNELL, Jayne
700 ## - ADDED ENTRY--PERSONAL NAME
Personal name PICKERING, Tony
942 ## - ADDED ENTRY ELEMENTS (KOHA)
Source of classification or shelving scheme Library of Congress Classification
Koha item type Books
Holdings
Withdrawn status Lost status Source of classification or shelving scheme Damaged status Not for loan Home library Current library Shelving location Date acquired Total Checkouts Full call number Barcode Date last seen Copy number Price effective from Koha item type
    Library of Congress Classification     WISCONSIN INTERNATIONAL UNIVERSITY COLLEGE, GHANA - MAIN LIBRARY WISCONSIN INTERNATIONAL UNIVERSITY COLLEGE, GHANA - MAIN LIBRARY nursing 12/02/2018   RB127.O94 NURS/399/061/18 12/02/2018 1 12/02/2018 Books

If you have any concerns or questions; kindly contact the library


© Powered by WIUC ICT DIRECTORATE